00788nam a2200193 a 450000100100000000500170001000800410002704000250006808200150009310000310010824500700013926000350020930000210024458600520026559000750031704900090039295201760040199900170057700003181820200930063214.0110706s1995 dr 000 0 spa d aDO-SdBNPbspacBNPHU axxxbR618o1 aRodríguez, Carlos94160613aEl ojo y otras clasificaciones de la magia /cCarlos Rodríguez. aSanto Domingo :bUNPHU,c1995. a118 p. ;c22 cm. aPremio Pedro Henríquez Ureña de poesia 1994 aPerteneció a la biblioteca personal de Juan Isidro Jimenes Grullón aBNPD 0010718PDaPDbPDcCTd2011-07-06iLF1l0oxxx R618op31818-10r2020-06-25w2020-06-25yLFPDzPerteneció a la colección Juan Isidro Jiménez GrullónZNo se presta c31310d31310